书目信息 |
| 题名: |
如何成为优秀的大脑饲养员
|
|
| 作者: | 莫斯考尼 著 ;康洁 译 | |
| 分册: | ||
| 出版信息: | 北京 九州出版社 2022.04 |
|
| 页数: | 12, 353页 | |
| 开本: | 23cm | |
| 丛书名: | ||
| 单 册: | ||
| 中图分类: | TS972.161 | |
| 科图分类: | ||
| 主题词: | 脑--nao--保健--食谱 | |
| 电子资源: | ||
| ISBN: | 978-7-5225-0644-9 | |
| 000 | 01396nam0 2200265 450 | |
| 001 | 94742 | |
| 005 | 20250820203703.39 | |
| 010 | @a978-7-5225-0644-9@dCNY62.00 | |
| 100 | @a20220407d2022 em y0chiy50 ea | |
| 101 | 1 | @achi@cita |
| 102 | @aCN@b110000 | |
| 105 | @ay z 000yy | |
| 106 | @ar | |
| 200 | 1 | @a如何成为优秀的大脑饲养员@Aru he cheng wei you xiu de da nao si yang yuan@f(意) 丽莎·莫斯考尼著@d= Brain food the surprising science of eating for cognitive power@fLisa Mosconi@g康洁译@zeng |
| 210 | @a北京@c九州出版社@d2022.04 | |
| 215 | @a12, 353页@d23cm | |
| 314 | @a丽莎·莫斯考尼, 博士, 纽约大学营养与脑部健康实验室创始人及负责人, 威尔康奈尔医学院阿尔茨海默病预防中心副主任, 专注神经科学/脑科学研究15年, CNN、 CBS、 NBC、美联社、路透社、《纽约时报》、《华盛顿邮报》、《福布斯》、《华尔街日报》等80多家国际媒体都对她做过报道, 她的ted演讲也深受观众喜爱, 拥有近300万次播放量。 | |
| 330 | @a本书分了解神经营养、健康饮食法改善认知能力、朝着最佳健脑饮食前进。内容包括: 迫在眉睫的脑部健康危机 ; 人类大脑 —— 一个挑食的吃货 ; 生命之水 ; 关于大脑脂肪 ; 蛋白质的好处等。 | |
| 510 | 1 | @aBrain food the surprising science of eating for cognitive power@zeng |
| 606 | 0 | @a脑@Anao@x保健@x食谱 |
| 690 | @aTS972.161@v5 | |
| 701 | 1 | @a莫斯考尼@Amo si kao ni@g(Mosconi, Lisa)@4著 |
| 702 | 0 | @a康洁@Akang jie@4译 |
| 801 | 0 | @aCN@c20250909 |
| 905 | @a河南城建学院图书馆@dTS972.161@eM870@f1 | |
| 如何成为优秀的大脑饲养员/(意) 丽莎·莫斯考尼著= Brain food the surprising science of eating for cognitive power/Lisa Mosconi/康洁译.-北京:九州出版社,2022.04 |
| 12, 353页;23cm |
| ISBN 978-7-5225-0644-9:CNY62.00 |
| 本书分了解神经营养、健康饮食法改善认知能力、朝着最佳健脑饮食前进。内容包括: 迫在眉睫的脑部健康危机 ; 人类大脑 —— 一个挑食的吃货 ; 生命之水 ; 关于大脑脂肪 ; 蛋白质的好处等。 |
| ● |
| 相关链接 |
|
|
|
正题名:如何成为优秀的大脑饲养员
索取号:TS972.161/M870
 
预约/预借
| 序号 | 登录号 | 条形码 | 馆藏地/架位号 | 状态 | 备注 |
| 1 | 1628952 | 216289521 | 自科库501/501自科库 45排5列5层/ [索取号:TS972.161/M870] | 在馆 |